Score 0/22 Timer 03:00
0 Plays Today
Clue 4-Letter Rung % Correct
Jackman or GrantHUGH
98.3%
Kisses companionsHUGS
94.3%
Up in the airHIGH
93.5%
Somewhat moistDAMP
87.6%
Knighted womanDAME
87.6%
Letterman or Matthews, e.g.DAVE
87.2%
Rhinoplasty targetNOSE
85.7%
Stood upROSE
82.9%
Refuse destinationDUMP
76.1%
Spanish Steps cityROME
73.6%
Unknown Soldiers' siteTOMB
72.9%
Clue 4-Letter Rung % Correct
Heavy readingTOME
72%
Parasite's homeHOST
68.9%
Selfish sortsHOGS
68.7%
Military stationPOST
68.2%
''Bonanza'' brotherHOSS
67.9%
Fail miserablyBOMB
67.8%
Speed reducerBUMP
67.8%
Very fancyPOSH
67.4%
A light biteNOSH
64.6%
COMMON BOND; Neighborhood barDIVE
62.5%
Doo-Wop song: ''Who Put the _____''BOMP
58.1%

Today's Daily Dose

Missing Word
'T' Pairs

Word Ladder
Game Pieces

Get the Picture
Baseball Movies

Remove Ads.
Support Sporcle.
Get the best of Sporcle when you Go Orange. This ad-free experience offers more features, more stats, and more fun while also helping to support Sporcle. Thank you for becoming a member.

You're not logged in!

Compare scores with friends on all Sporcle quizzes.
OR
Log In

Show Comments

Extras

Top Quizzes Today


Score Distribution

Your Account Isn't Verified!

In order to create a playlist on Sporcle, you need to verify the email address you used during registration. Go to your Sporcle Settings to finish the process.

Report this User

Report this user for behavior that violates our Community Guidelines.

Details: